Регионална библиотека "Любен Каравелов" - Русе

Наръчник по алтернативна медицина (Запис номер 26378)

MARC детайли
000 -Лидер
Контролно поле с фиксирана дължина 01568nam a2200385 c 4500
003 - Код на организацията, давaща контролен номер
Контролно поле BLK
005 - Дата и час на последна редакция
Контролно поле 20241202113623.0
008 - Елементи от данни с фиксирана дължина
fixed length control field 180413b bul|||||r ||||||| ||bul||
010 ## - Наследен системен номер
LC control number KNG00028927000
040 ## - Източник на каталожния запис
Идентификатор на билиотеката - собственик на записа BLK
041 ## - Код за език
Код за езика на текст/звукозапис или на отделно заглавие Български
Код за езика КДБФ Български
072 #7 - Код за тематичната категория
Код организация bullib
Код за тематична категория Л05
Текст Други методи
072 #7 - Код за тематичната категория
Код организация bullib
Код за тематична категория Л0101
Текст Билколечение. Природолечение. Народна медицина
080 ## - УДК
Текстов определител УДК Други видове терапия. Биоенерготерапия.
УДК код - определител по УДК 615.85
УДК определител (035)
УДК - код + определител 615.85(035)
080 ## - УДК
Текстов определител УДК Патология. Клинична медицина
УДК код - определител по УДК 616
УДК определител
УДК - код + определител 616
100 1# - Редна дума - Автор
Автор Нъл, Гари
Авторска отговорност първи автор
R(LIN) 104029
139 ## - Редно поле
Редна дума Нъл, Гари
Авторски знак Нуш - Н 97
245 10 - Сведения за заглавието
Заглавие Наръчник по алтернативна медицина
Редно поле (дума) Гари Нъл; прев. Елисавета Камбурова.
257 ## - Страна на издаване
Страна на създаване/издаване Съединени американски щати
260 ## - Област на издателските данни
-- София
Име на издателя, разпространителя и проч. Емас
Година на издаване 1999
300 ## - Физическа характеристика
Страници 585 с.
Размери/Мащаб 21 см
380 ## - Жанр
Жанр Медицина
500 ## - Общи забележки
Забележка Ориг. загл. The Complete Encyclopedia of Natural Healing / Gary Hull. - Съдържа и за авт.
653 ## - Ключова дума – ненормативна
Ключова дума медицина
653 ## - Ключова дума – ненормативна
Ключова дума алтернативна медицина
653 ## - Ключова дума – ненормативна
Ключова дума природолечение
659 ## - Тематичен бюлетин
Тематичен бюлетин Л
700 1# - Други автори (авторска отговорност)
Лично име Камбурова, Елисавета
Автороска отговорност (Описва отношението между автора и произведението) прев.
9 (RLIN) 268705
852 ## - Местоположение
Форматна сигнатура Цб 201985
856 4# - Електронен адрес и достъп
Електронен формат pdf - файл
Път до файла /url/
856 4# - Електронен адрес и достъп
Електронен формат pdf - файл
Път до файла /url/
942 ## - АРТИКУЛИ
Вид на библиотечния материал Книги
Скрит в OPAC Не
Koha issues (borrowed), all copies 12
944 ## - СЪЗДАВАНЕ И РЕДАКЦИЯ на ЗАПИСА
Създаване/Редакция Създаване
Дата на регистрацията/редакция 15.01.2003
Статус, дата на статуса Русанова Ирена
Служител, извършил регистрацията/редакцията 30542
944 ## - СЪЗДАВАНЕ И РЕДАКЦИЯ на ЗАПИСА
Създаване/Редакция Редакция
Дата на регистрацията/редакция 10.01.2017
Статус, дата на статуса ф /
Служител, извършил регистрацията/редакцията Людмила_Стоянова
999 ## - СИСТЕМНИ КОНТРОЛНИ НОМЕРА
Koha biblionumber 26378
Koha biblioitemnumber 26378
Наличности
Код за отписване Код за изгубен артикул Източник на класификационната схема Код за повреда Коз за рестрикции Код за отдаване Артикулен № Име на библиотеката - собственик Име на библиотеката, в която се намира в момента Статус (Текущо местоположение) Дата на вписване в системата Местоположение - отдел Цена в лева Инвентарен номер Систематично азбучна сигнатура Баркод Номер на екземпляра Цена в евро Служебна бележка Служебен тип на артикула
  Не е изгубен Universal Decimal Classification Не е повреден без рестрикции ползва се в читалня 42874 Регионална библиотека "Любен Каравелов" Русе Регионална библиотека "Любен Каравелов" Русе Читалня 2001-01-01 Читалня 0.01 650254 Ч 615/Н 97 120000650254 1 0.01 Дост: Pk Вид: Ф N: стар фонд Дата: 01.01.1999 Дата инв: 17.03.2017 Бележки инв: Ч2017 Книги
  Не е изгубен Universal Decimal Classification Не е повреден без рестрикции ползва се в читалня 42875 Регионална библиотека "Любен Каравелов" Русе Регионална библиотека "Любен Каравелов" Русе Хранилище 2001-01-01 Хранилище 0.00 650774 Цб 201985 120000650774 2 0.00 Дост: Dp Вид: Д N: стар фонд Дата: 01.01.1999 Книги
  Не е изгубен   Не е повреден без рестрикции заемане за дома 42876 Регионална библиотека "Любен Каравелов" Русе Регионална библиотека "Любен Каравелов" Русе Заемна - подръчен фонд 2016-12-21 Заемна - подръчен фонд 6.00 120000807030 П 615.8/Н 97 120000807030 3 3.07 Дост: Pk Вид: Ф N: 475 Дата: 19.12.2016 Дата инв: 05.02.2018 Бележки инв: П2018 Книги
Vip Innovations Ltd, Rousse, Bulgaria 2025